Model začlenenia Slovenskej republiky do európskeho ekonomického priestoru v oblasti systémového prístupu ku kvalite výrobkov a služieb záverečná správa [grantovej úlohy č. 1/1574/94, ev. č. 5035]

Saved in:
Bibliographic Details
Main Author: Kollár, Vojtech
Other Authors: Roman, Emil, Lacková, Alica, Hradský, Rudolf, Karkalíková, Marta
Format: Book
Language:Slovak
Published: Bratislava 1996
Subjects:
Tags: Add Tag
No Tags, Be the first to tag this record!

MARC

LEADER 00000nam a2200000 4500
001 0134642
005 20240503080234.6
041 0 |a slo 
044 |a SK 
245 1 0 |a Model začlenenia Slovenskej republiky do európskeho ekonomického priestoru v oblasti systémového prístupu ku kvalite výrobkov a služieb  |b záverečná správa [grantovej úlohy č. 1/1574/94, ev. č. 5035]  |c V. Kollár a kolektív 
264 1 |a Bratislava  |c 1996 
300 |a 135 s. 
610 2 0 |a kvalita výrobkov 
610 2 0 |a riadenie kvality 
610 2 0 |a systémy kvality 
610 2 0 |a modelovanie 
610 2 0 |a modely 
610 2 0 |a ekonomika priestorová 
610 2 0 |a Slovensko 
100 1 |a Kollár, Vojtech 
700 1 |a Roman, Emil 
700 1 |a Lacková, Alica 
700 1 |a Hradský, Rudolf 
700 1 |a Karkalíková, Marta